Evaluación de un proyecto de trasmisión de energía eléctrica utilizando el criterio de MINIMAX
Uloženo v:
| Hlavní autor: | |
|---|---|
| Další autoři: | |
| Médium: | Kniha |
| Jazyk: | Spanish |
| Vydáno: |
[San José], Costa Rica
2015
|
| Témata: | |
| Tagy: |
Přidat tag
Žádné tagy, Buďte první, kdo vytvoří štítek k tomuto záznamu!
|
MARC
| LEADER | 00000nam a22000007a 4500 | ||
|---|---|---|---|
| 003 | 012426 | ||
| 005 | 20230913140645.0 | ||
| 008 | 160726b2015 cr a|||| |||| 00| ||spa d | ||
| 040 | |c cru CEDI | ||
| 100 | |9 1499 |a Rodríguez Salas, Mariela, 1981- | ||
| 245 | |a Evaluación de un proyecto de trasmisión de energía eléctrica utilizando el criterio de MINIMAX | ||
| 260 | |a [San José], Costa Rica |c 2015 | ||
| 300 | |a xiii, 59 hojas; ilustraciones a color | ||
| 500 | |a Proyecto de graduación (bachillerato en ingeniería eléctrica)--Universidad de Costa Rica. Facultad de Ingeniería. Escuela de Ingeniería Eléctrica | ||
| 501 | |a Profesor Guía de IE-0499 Proyecto Eléctrico: Dr. Ing. Jorge Blanco Roldán | ||
| 650 | |x MAXIMOS Y MINIMOS |x DISTRIBUCION DE ENERGIA ELECTRICA |x DISTRIBUCION DE ENERGIA ELECTRICA - EVALUACION |9 1984 | ||
| 700 | |9 736 |a Blanco Roldán, Jorge, 1950- |d Director de Proyecto Eléctrico | ||
| 942 | |c CEDI |h TFG 7584 |6 TFG_7584_000000000000000 | ||
| 999 | |c 17007 |d 17007 | ||
